Harry Potter A-Z Quiz Stats

 Plays Quiz Updated Apr 30, 2020

Support Sporcle.
Go Orange.
Score 0/26 Timer 04:00
0 Plays Today
Hint Answer % Correct
Dumbledore's first nameAlbus
98.3%
Harry's Muggle familyDursleys
90.9%
Loony Luna's surnameLovegood
86.5%
Magical bankGringotts
86.2%
Giant, three-headed dogFluffy
85.7%
Serpentine enemy in the pipes of Hogwarts Basilisk
84.8%
Small village near HogwartsHogsmeade
84%
Lord Voldemort's original name (first name)Tom (Riddle)
84%
Year five examO.W.L.s
83.8%
Unforgivable curse that tortures the recipientCruciatus
82.5%
Wizarding sport played on broomsticksQuidditch
80.6%
All they found of him was his fingerPeter Pettigrew
77.1%
Professor of Defense Against the Dark Arts in Harry Potter's 5th year(Dolores) Umbridge
76.9%
Hint Answer % Correct
Disarming spellExpelliarmus
75.6%
House-elf in the Black's houseKreacher
75.5%
Ron's ratScabbers
74.9%
Lord Voldemort's faithful pet snakeNagini
74.3%
A room at Hogwarts that can only be used by someone who truly needs itRoom of Requirement
73.4%
One can use this only if they solemnly swear that they are up to no goodMarauder's Map
69.9%
Dangerous tree at Hogwarts Whomping Willow
65%
Formal dance held in correlation with the Triwizard TournamentYule Ball
64.5%
Harry Potter's birth dateJuly 31
58.8%
Dead body of a human reincarnated by a dark wizardInferius
49.3%
Transportation device used to transport Death Eaters from Knockturn Alley to HogwartsVanishing Cabinet
49.2%
Joke shop in HogsmeadeZonko's Joke Shop
48.3%
First name of the editor of 'The Quibbler'Xenophilius (Lovegood)
45.8%

From the Vault

Border Chain Minefield XI

by mrsmith

While you'll have to avoid blowing the mines, at least there's no swimming required.
Remove Ads.
Support Sporcle.
Get the best of Sporcle when you Go Orange. This ad-free experience offers more features, more stats, and more fun while also helping to support Sporcle. Thank you for becoming a member.

Show Comments

Extras

Top Quizzes Today


Score Distribution

Your Account Isn't Verified!

In order to create a playlist on Sporcle, you need to verify the email address you used during registration. Go to your Sporcle Settings to finish the process.

Report this User

Report this user for behavior that violates our Community Guidelines.

Details: